Hauptstädte und größte Städte (Sachsen-Anhalt) - Statistiken

Allgemein
  • Dieses Quiz wurde 22 mal gespielt
  • Das Durchschnittsergebnis liegt bei 10 aus 24
Antwortstatistiken
Antwort % Korrekt
Halle (Saale)
100%
Magdeburg
100%
Salzwedel
69%
Salzwedel
63%
Halberstadt
56%
Lutherstadt Wittenberg
56%
Stendal
56%
Stendal
56%
Halberstadt
50%
Lutherstadt Wittenberg
50%
Merseburg
38%
Naumburg (Saale)
38%
Weißenfels
38%
Burg
31%
Merseburg
31%
Sangerhausen
31%
Sangerhausen
31%
Bitterfeld-Wolfen
25%
Burg
25%
Köthen (Anhalt)
25%
Oschersleben (Bode)
19%
Haldensleben
13%
Bernburg (Saale)
6%
Bernburg (Saale)
6%
Keine übereinstimmenden Quizze gefunden
Verteilung der Resultate
Anzahl Personen mit jedem Resultat
Perzentil nach korrekt beantworteten Fragen
Ihre Resultats-Entwicklung
Sie haben dieses Quiz noch nicht gespielt